000 02551nam a2200589 i 4500
001 40618
003 KOSZ 005
005 20220216090556.0
008 220216s2000 pl a f 100 0 pol
015 _aUWD 2001/13594
035 _a991016515979705066
035 _a(PL-WaBN)b14444409-48omnis_nlop
035 _ab14444409
035 _a(OCoLC)830989826
035 _acc2001004270
035 _a(PL)b0000001444440
035 _a(EXLNZ-48OMNIS_NETWORK)9910063122605606
040 _aWA N
_cWA N
_dKOSZ 005/RW
041 0 _apol
_ager
_beng
_bpol
046 _k2000
080 _a658.5
080 _a004
245 0 0 _aAutomatyzacja produkcji 2000 :
_bwiedza, technika, postęp.
_nT. 2,
_pReferaty sesyjne /
_c[redaktor naukowy Bogusław Dembiński].
246 1 5 _aAutomatization in manufacturing 2000
260 _aWrocław :
_bOficyna Wydawnicza Politechniki Wrocławskiej,
_c2000.
300 _a312 stron :
_bilustracje ;
_c24 cm.
336 _aTekst
_btxt
_2rdacontent
337 _aBez urządzenia pośredniczącego
_bn
_2rdamedia
338 _aWolumin
_bnc
_2rdacarrier
380 _aKsiążki
380 _aPublikacje naukowe
388 1 _a1901-2000
388 1 _a1989-2000
490 1 _aPrace Naukowe Instytutu Technologii Maszyn i Automatyzacji Politechniki Wrocławskiej. Konferencje =
_aScientific Papers of the Institute of Mechanical Engineering and Automation of the Wrocław University of Technology. Conferences,
_x0867-7778 ;
_v36
500 _aTytuł równoległy: Automatization in manufacturing 2000 : knowledge, technology, progress. Nr serii głównej: 78.
504 _aBibliografia przy referatach.
546 _aStreszczenia w języku angielskim, polskim przy referatach.
650 7 _aPrzedsiębiorstwo
_2DBN
650 7 _aKomputeryzacja
650 7 _aPrzemysł
_2DBN
650 7 _aAutomatyzacja
655 7 _aMateriały konferencyjne
_2DBN
658 _aInżynieria i technika
658 _aInformatyka i technologie informacyjne
700 1 _aDembiński, Bogusław
_eRedakcja
710 2 _aOficyna Wydawnicza Politechniki Wrocławskiej
_4pbl
830 0 _aPrace Naukowe Instytutu Technologii Maszyn i Automatyzacji Politechniki Wrocławskiej
_v78
830 0 _aPrace Naukowe Instytutu Technologii Maszyn i Automatyzacji Politechniki Wrocławskiej.
_pKonferencje
_v36
856 _uhttp://koha.tu.koszalin.pl/cgi-bin/koha/opac-detail.pl?biblionumber=40618
_yKatalog online BPK
942 _2UKD
_cKS
999 _c40618
_d40618